| 000 | 00638nam a2200193Ia 4500 | ||
|---|---|---|---|
| 008 | 151119s9999||||xx |||||||||||||| ||und|| | ||
| 082 | _a28.5 | ||
| 082 | _bGKKV24048 | ||
| 100 | _aसाळवी दिलीप | ||
| 245 | _aमाझा यंत्रमानव मित्र रोबी | ||
| 260 | _a-- | ||
| 260 | _b-- | ||
| 260 | _c0 | ||
| 600 | _aसाळवी दिलीप | ||
| 630 | _aमाझा यंत्रमानव मित्र रोबी | ||
| 700 | _aसाळवी दिलीप | ||
| 730 | _aमाझा यंत्रमानव मित्र रोबी | ||
| 942 | _cBOOK | ||
| 999 |
_c1076654 _d1076651 |
||